[Event "EU-Cup 38th"]
[Site "Durres"]
[Date "2023.10.02"]
[Round "2.4"]
[White "Razafindratsima, Timothe"]
[Black "Godart, Francois"]
[Result "1-0"]
[WhiteElo "2459"]
[BlackElo "2375"]
[PlyCount "99"]
[EventDate "2023.10.01"]
[EventType "team-swiss"]
[EventRounds "7"]
[EventCountry "ALB"]
[SourceTitle "EXT 2024"]
[Source "ChessBase"]
[SourceDate "2023.10.10"]
[SourceVersion "1"]
[SourceVersionDate "2023.10.10"]
[SourceQuality "1"]
[WhiteTeam "Chartres"]
[BlackTeam "Bonnevoie Gambit"]
[WhiteTeamCountry "FRA"]
[BlackTeamCountry "LUX"]

1. e4 c5 2. Nf3 d6 3. d4 cxd4 4. Nxd4 Nf6 5. Nc3 g6 6. Be3 Bg7 7. f3 Nc6 8. Qd2 0-0 9. 0-0-0 d5 10. exd5 Nxd5 11. Nxc6 bxc6 12. Bd4 Bxd4 13. Qxd4 Qb6 14. Na4 Qc7 15. Bc4 Rd8 16. g3 Bf5 17. Qc5 Nb6 18. Bb3 Rd6 19. Nc3 Rc8 20. Rhe1 Nd5 21. Ne4 Rdd8 22. Rd4 Bxe4 23. fxe4 Nb6 24. Red1 Rxd4 25. Rxd4 e6 26. c3 Nd7 27. Qd6 Ne5 28. Bd1 Qxd6 29. Rxd6 h5 30. Be2 Kg7 31. b4 Kf6 32. a4 Ng4 33. Rd7 Nf2 34. Rxa7 Nxe4 35. Kc2 h4 36. gxh4 e5 37. a5 Nd6 38. c4 Nf5 39. Kc3 Ke6 40. c5 Ne3 41. Rb7 Nd5+ 42. Kd2 f5 43. a6 e4 44. a7 Ra8 45. b5 cxb5 46. Bxb5 Ne7 47. Ke3 Kf6 48. c6 Ke6 49. Bc4+ Kf6 50. Kf4 1-0

[Event "BEL-chT 2223"]
[Site "Belgium"]
[Date "2022.10.16"]
[Round "2.1"]
[White "Shabalov, Alexander"]
[Black "Godart, Francois"]
[Result "1/2-1/2"]
[WhiteElo "2514"]
[BlackElo "2384"]
[PlyCount "89"]
[EventDate "2022.09.25"]
[EventType "team-tourn"]
[EventRounds "11"]
[EventCountry "BEL"]
[SourceTitle "EXT 2024"]
[Source "ChessBase"]
[SourceDate "2023.10.10"]
[SourceVersion "1"]
[SourceVersionDate "2023.10.10"]
[SourceQuality "1"]
[WhiteTeam "KGSRL"]
[BlackTeam "Liege Crelel"]
[WhiteTeamCountry "BEL"]
[BlackTeamCountry "BEL"]

1. d4 Nf6 2. c4 e5 3. dxe5 Ng4 4. e4 Nxe5 5. f4 Nec6 6. Nf3 Bc5 7. Nc3 0-0 8. a3 a5 9. Qd3 d6 10. Bd2 Bg4 11. 0-0-0 Nd7 12. Kb1 f5 13. h3 Bxf3 14. gxf3 Kh8 15. h4 Bd4 16. Nb5 Nc5 17. Qc2 Qe7 18. h5 fxe4 19. h6 e3 20. Bc1 Rxf4 21. Nxd4 Nxd4 22. hxg7+ Qxg7 23. Rxd4 Rxd4 24. Bxe3 Ne6 25. Bd3 Rxd3 26. Qxd3 Rf8 27. Ka2 Rxf3 28. Qe4 Qf7 29. Bd2 c5 30. Bc3+ Nd4 31. Bxd4+ cxd4 32. Qxd4+ Qf6 33. Qe4 Qf7 34. Qd4+ Qf6 35. Qb6 Rf1 36. Rh2 Qg6 37. Qd8+ Kg7 38. Qc7+ Kh8 39. Qc8+ Qg8 40. Rxh7+ Kxh7 41. Qh3+ Kg6 42. Qxf1 Qe6 43. a4 Qe4 44. Kb3 d5 45. cxd5 1/2-1/2

[Event "BEL-chT 2122"]
[Site "Belgium"]
[Date "2022.05.01"]
[Round "5.1"]
[White "Vandenbussche, Thibaut"]
[Black "Godart, Francois"]
[Result "1-0"]
[WhiteElo "2413"]
[BlackElo "2414"]
[PlyCount "73"]
[EventDate "2021.10.24"]
[EventType "team-tourn"]
[EventRounds "11"]
[EventCountry "BEL"]
[SourceTitle "EXT 2023"]
[Source "ChessBase"]
[SourceDate "2022.10.05"]
[SourceVersion "1"]
[SourceVersionDate "2022.10.05"]
[SourceQuality "1"]
[WhiteTeam "KBSK Brugge"]
[BlackTeam "Liege Crelel"]
[WhiteTeamCountry "BEL"]
[BlackTeamCountry "BEL"]

1. e4 e5 2. Nf3 Nc6 3. d4 exd4 4. Bc4 Nf6 5. e5 Ne4 6. 0-0 d5 7. exd6 Nxd6 8. Bb3 Be7 9. Nxd4 Nxd4 10. Qxd4 0-0 11. Nc3 Nf5 12. Qxd8 Rxd8 13. Bf4 c6 14. Rfe1 Kf8 15. Ne4 Nd4 16. Bc7 Rd7 17. Be5 b6 18. Ba4 Bb7 19. c3 Ne6 20. Rad1 Rad8 21. Rxd7 Rxd7 22. b4 a5 23. bxa5 bxa5 24. Rb1 Nc5 25. Bc2 f6 26. Bf4 Ba6 27. Rb8+ Kf7 28. h4 Bd3 29. Nxc5 Bxc5 30. Bb3+ Kg6 31. g4 h5 32. Be6 Re7 33. gxh5+ Kxh5 34. Rh8+ Bh7 35. Rxh7+ Kg6 36. Bg8 Re8 37. Rh8 1-0

[Event "BEL-chT 2122"]
[Site "Belgium"]
[Date "2021.12.05"]
[Round "3.1"]
[White "Aroshidze, Levan"]
[Black "Godart, Francois"]
[Result "1/2-1/2"]
[WhiteElo "2532"]
[BlackElo "2414"]
[PlyCount "96"]
[EventDate "2021.10.24"]
[EventType "team-tourn"]
[EventRounds "11"]
[EventCountry "BEL"]
[SourceTitle "EXT 2023"]
[Source "ChessBase"]
[SourceDate "2022.10.05"]
[SourceVersion "1"]
[SourceVersionDate "2022.10.05"]
[SourceQuality "1"]
[WhiteTeam "Wachtebeke"]
[BlackTeam "Liege Crelel"]
[WhiteTeamCountry "BEL"]
[BlackTeamCountry "BEL"]

1. e4 e5 2. Nf3 Nc6 3. Bb5 a6 4. Ba4 Nf6 5. 0-0 Be7 6. Re1 b5 7. Bb3 d6 8. c3 0-0 9. h3 Na5 10. Bc2 c5 11. d4 Qc7 12. d5 Bd7 13. b3 Nb7 14. Be3 g6 15. Nbd2 Ne8 16. Nf1 Ng7 17. a4 f6 18. Qe2 Rfb8 19. N3d2 Nd8 20. g4 Nf7 21. Ng3 Bd8 22. Rec1 Qb7 23. Bd3 Ba5 24. Kh2 Kh8 25. Qf3 Rf8 26. axb5 axb5 27. Qxf6 Bd8 28. Qf3 Bg5 29. Bxg5 Nxg5 30. Qe3 h6 31. h4 Nf7 32. Be2 Rxa1 33. Rxa1 Qc8 34. f3 Qd8 35. Kh3 Kh7 36. Rh1 Nh5 37. Nxh5 gxh5 38. Kg3 Rg8 39. Ra1 hxg4 40. fxg4 Bxg4 41. Bxg4 h5 42. Nf3 Rxg4+ 43. Kf2 Qf6 44. Ke2 Qg6 45. Ra7 Kg8 46. Nd2 Rg3 47. Nf3 Rg4 48. Nd2 Rg3 1/2-1/2

[Event "EU-Cup 36th"]
[Site "Struga"]
[Date "2021.09.24"]
[Round "7.2"]
[White "Delchev, Aleksander"]
[Black "Godart, Francois"]
[Result "1-0"]
[WhiteElo "2500"]
[BlackElo "2407"]
[PlyCount "81"]
[EventDate "2021.09.18"]
[EventType "team-swiss"]
[EventRounds "7"]
[EventCountry "MKD"]
[SourceTitle "CBM 204 Extra"]
[Source "ChessBase"]
[SourceDate "2021.11.30"]
[SourceVersion "1"]
[SourceVersionDate "2021.11.30"]
[SourceQuality "1"]
[WhiteTeam "Asnieres"]
[BlackTeam "Bonnevoie Gambit"]
[WhiteTeamCountry "FRA"]
[BlackTeamCountry "LUX"]

1. d4 d5 2. c4 e6 3. Nf3 c6 4. e3 Nf6 5. Bd3 dxc4 6. Bxc4 Bd6 7. Nc3 b5 8. Bb3 b4 9. Na4 Ba6 10. Qc2 Nfd7 11. Bc4 Bxc4 12. Qxc4 0-0 13. 0-0 Qa5 14. Qc2 Nb6 15. Nc5 Bxc5 16. dxc5 N6d7 17. Bd2 Qxc5 18. Qxc5 Nxc5 19. Bxb4 Nba6 20. Ba3 Rfc8 21. Rfd1 Na4 22. Rac1 c5 23. b3 Nb6 24. Ne5 Rc7 25. Rd6 Rac8 26. Kf1 f6 27. Nc4 Rc6 28. Rxc6 Rxc6 29. Ke2 Nd5 30. e4 Ndb4 31. Na5 Rd6 32. Bxb4 Nxb4 33. Rxc5 Nxa2 34. Nc6 a6 35. e5 fxe5 36. Nxe5 h6 37. h4 Nb4 38. h5 g5 39. Rc8+ Kg7 40. Rc7+ Kf6 41. Ng4+ 1-0

[Event "EU-Cup 36th"]
[Site "Struga"]
[Date "2021.09.20"]
[Round "3.2"]
[White "O'Donnell, Conor"]
[Black "Godart, Francois"]
[Result "1/2-1/2"]
[WhiteElo "2303"]
[BlackElo "2407"]
[PlyCount "44"]
[EventDate "2021.09.18"]
[EventType "team-swiss"]
[EventRounds "7"]
[EventCountry "MKD"]
[SourceTitle "CBM 204 Extra"]
[Source "ChessBase"]
[SourceDate "2021.11.30"]
[SourceVersion "1"]
[SourceVersionDate "2021.11.30"]
[SourceQuality "1"]
[WhiteTeam "Gonzaga"]
[BlackTeam "Bonnevoie Gambit"]
[WhiteTeamCountry "IRL"]
[BlackTeamCountry "LUX"]

1. d4 d5 2. c4 e6 3. Nc3 c6 4. e4 dxe4 5. Nxe4 Bb4+ 6. Bd2 Qxd4 7. Bxb4 Qxe4+ 8. Be2 Na6 9. Bd6 Qxg2 10. Qd2 e5 11. 0-0-0 Qe4 12. Bxe5 Bf5 13. Bd3 Qxd3 14. Qxd3 Bxd3 15. Bxg7 Nb4 16. a3 Na2+ 17. Kd2 0-0-0 18. Ke1 Re8+ 19. Kd2 Rd8 20. Ke1 Re8+ 21. Kd2 Rd8 22. Ke1 Re8+ 1/2-1/2

[Event "EU-Cup 36th"]
[Site "Struga"]
[Date "2021.09.19"]
[Round "2.13"]
[White "Godart, Francois"]
[Black "Saraci, Korab"]
[Result "1-0"]
[WhiteElo "2407"]
[BlackElo "2154"]
[PlyCount "68"]
[EventDate "2021.09.18"]
[EventType "team-swiss"]
[EventRounds "7"]
[EventCountry "MKD"]
[SourceTitle "CBM 204 Extra"]
[Source "ChessBase"]
[SourceDate "2021.11.30"]
[SourceVersion "1"]
[SourceVersionDate "2021.11.30"]
[SourceQuality "1"]
[WhiteTeam "Bonnevoie Gambit"]
[BlackTeam "Dardania"]
[WhiteTeamCountry "LUX"]
[BlackTeamCountry "KOS"]

1. d4 Nf6 2. c4 e6 3. g3 d5 4. Bg2 Be7 5. Nf3 0-0 6. 0-0 Nbd7 7. Qc2 Re8 8. Rd1 Nf8 9. Nc3 Ng6 10. Ne5 c6 11. e4 dxc4 12. Nxc4 b5 13. Ne3 Qb6 14. d5 e5 15. d6 Bf8 16. Nf5 Rd8 17. Bg5 Qb8 18. Rd2 Be6 19. Rad1 Rd7 20. h4 Ne8 21. h5 f6 22. Bh3 Kh8 23. Be3 Nxd6 24. hxg6 hxg6 25. Nh4 Bxh3 26. Nxg6+ Kh7 27. Nxf8+ Qxf8 28. Bc5 Rad8 29. Qd3 Qf7 30. Qf3 Nc4 31. Rxd7 Rxd7 32. g4 Rxd1+ 33. Nxd1 Qd7 34. Qxh3+ Kg8 1-0

[Event "Cappelle Online Blitz op"]
[Site "Europe Echecs INT"]
[Date "2021.03.07"]
[Round "5"]
[White "Babanin, Gleb"]
[Black "Godart, Francois"]
[Result "1-0"]
[WhiteElo "2142"]
[BlackElo "2422"]
[PlyCount "71"]
[EventDate "2021.03.07"]
[EventType "swiss (blitz)"]
[EventRounds "11"]
[EventCountry "FRA"]
[SourceTitle "CBM 201 Extra"]
[Source "ChessBase"]
[SourceDate "2021.05.31"]
[SourceVersion "1"]
[SourceVersionDate "2021.05.31"]
[SourceQuality "1"]

1. e4 e6 2. d4 d5 3. Nc3 Bb4 4. e5 c5 5. Bd2 Ne7 6. a3 Bxc3 7. Bxc3 b6 8. Bb5+ Bd7 9. Bd3 Nbc6 10. f4 cxd4 11. Bd2 0-0 12. Nf3 f6 13. 0-0 Be8 14. Qe2 Bg6 15. b4 Bxd3 16. cxd3 fxe5 17. b5 Na5 18. Qxe5 Rf6 19. Nxd4 Ng6 20. Qe2 Qd6 21. Bb4 Qd7 22. g3 Re8 23. Bxa5 bxa5 24. Nc6 a6 25. a4 Qd6 26. d4 Ne7 27. Nxe7+ Rxe7 28. Rab1 Qb6 29. Rfd1 axb5 30. Rxb5 Qa7 31. Qd2 Rb7 32. Rxa5 Qb8 33. Rc5 h5 34. Rdc1 Rb2 35. Rc8+ Kh7 36. Qd3+ 1-0

[Event "Cappelle Online Blitz op 1st"]
[Site "Europe Echecs INT"]
[Date "2021.01.10"]
[Round "7"]
[White "Nihal, Sarin"]
[Black "Godart, Francois"]
[Result "1-0"]
[WhiteElo "2620"]
[BlackElo "2422"]
[PlyCount "57"]
[EventDate "2021.01.10"]
[EventType "swiss (blitz)"]
[EventRounds "11"]
[EventCountry "FRA"]
[SourceTitle "CBM 200 Extra"]
[Source "ChessBase"]
[SourceDate "2021.03.31"]
[SourceVersion "1"]
[SourceVersionDate "2021.03.31"]
[SourceQuality "1"]

1. e4 e6 2. d4 d5 3. Nc3 Bb4 4. e5 c5 5. Bd2 Nh6 6. a3 Bxc3 7. Bxc3 0-0 8. dxc5 Qc7 9. Nf3 Nd7 10. Bd3 Nxc5 11. 0-0 b6 12. Re1 Ba6 13. Rc1 Rac8 14. Bd2 Nf5 15. Bxf5 exf5 16. Nd4 Rfe8 17. Nxf5 Rxe5 18. Qg4 g6 19. Bf4 Rce8 20. Bxe5 Rxe5 21. Qd4 Nd7 22. Ne7+ Kf8 23. Nxd5 Qd6 24. Rxe5 Nxe5 25. Re1 f6 26. Qb4 Qxb4 27. axb4 Bb7 28. Nxf6 Nc4 29. Nxh7+ 1-0

[Event "BEL-ch"]
[Site "Bruges"]
[Date "2020.08.23"]
[Round "9"]
[White "Vandenbussche, Thibaut"]
[Black "Godart, Francois"]
[Result "0-1"]
[WhiteElo "2442"]
[BlackElo "2439"]
[PlyCount "164"]
[EventDate "2020.08.15"]
[EventType "tourn"]
[EventRounds "9"]
[EventCountry "BEL"]
[EventCategory "6"]
[SourceTitle "CBM 197 Extra"]
[Source "ChessBase"]
[SourceDate "2020.09.30"]
[SourceVersion "1"]
[SourceVersionDate "2020.09.30"]
[SourceQuality "1"]

1. e4 e6 2. d4 d5 3. e5 c5 4. c3 Qb6 5. Nf3 Nc6 6. Be2 cxd4 7. cxd4 Nh6 8. Bxh6 Qxb2 9. Nbd2 gxh6 10. 0-0 Nxd4 11. Rb1 Nxe2+ 12. Qxe2 Qa3 13. Nd4 a6 14. Rfc1 Bg7 15. Nf1 0-0 16. Rc7 Qa5 17. Rbc1 Bd7 18. Nb3 Qb5 19. Qg4 Rac8 20. R1c3 h5 21. Qxh5 Rxc7 22. Rxc7 Rc8 23. Rxc8+ Bxc8 24. Qg5 Qb6 25. Ng3 h6 26. Qe7 Bf8 27. Qh4 Qc7 28. f4 Qc2 29. h3 Qxa2 30. Qg4+ Kh8 31. Qd1 Bd7 32. Nc1 Qa4 33. Qg4 Qa1 34. Nge2 Bb5 35. Kh2 Bxe2 36. Nxe2 Qd1 37. Qh5 Bg7 38. Qxf7 Qxe2 39. Qxe6 Qe4 40. Qf7 Qb4 41. e6 Qf8 42. Qc7 Bf6 43. Qxb7 Qd6 44. Qf7 Qxf4+ 45. g3 Qd2+ 46. Kh1 Qg5 47. h4 Qg7 48. Qh5 d4 49. Qf3 Qe7 50. Qa8+ Kg7 51. Qxa6 Be5 52. Kg2 Kf6 53. Qc8 Qxe6 54. Qf8+ Kg6 55. Qd8 Kh7 56. Qa8 Qg6 57. Qb7+ Bg7 58. Qd5 h5 59. Kh2 Qg4 60. Kg2 Kg6 61. Qd6+ Bf6 62. Qd5 Qe2+ 63. Kh3 Qf1+ 64. Kh2 Qf2+ 65. Kh1 Qe1+ 66. Kh2 Qe2+ 67. Kh3 d3 68. Qg8+ Bg7 69. Qd5 d2 70. Qg5+ Kf7 71. Qf5+ Ke7 72. Qc5+ Kd7 73. Qd5+ Kc7 74. Qc5+ Kb7 75. Qd5+ Kb6 76. Qd6+ Kb5 77. Qd5+ Kb4 78. Qd6+ Kb3 79. Qd5+ Kb2 80. Qb7+ Kc2 81. Qc6+ Bc3 82. Qa4+ Kb2 0-1

[Event "BEL-ch"]
[Site "Bruges"]
[Date "2020.08.22"]
[Round "8"]
[White "Godart, Francois"]
[Black "Meessen, Rudolf"]
[Result "1/2-1/2"]
[WhiteElo "2439"]
[BlackElo "2221"]
[PlyCount "61"]
[EventDate "2020.08.15"]
[EventType "tourn"]
[EventRounds "9"]
[EventCountry "BEL"]
[EventCategory "6"]
[SourceTitle "CBM 197 Extra"]
[Source "ChessBase"]
[SourceDate "2020.09.30"]
[SourceVersion "1"]
[SourceVersionDate "2020.09.30"]
[SourceQuality "1"]

1. d4 Nf6 2. c4 e6 3. Nc3 Bb4 4. e3 0-0 5. Bd2 d5 6. Nf3 b6 7. cxd5 exd5 8. Bd3 Ba6 9. Bxa6 Nxa6 10. 0-0 Re8 11. Qa4 Qc8 12. Rfc1 Bf8 13. Be1 Qb7 14. Rab1 c5 15. dxc5 bxc5 16. Qb5 Qc8 17. Na4 Nc7 18. Qa5 Ne6 19. Nxc5 Nxc5 20. b4 Rb8 21. bxc5 Rxb1 22. Rxb1 Qxc5 23. Qxc5 Bxc5 24. Bc3 Ne4 25. Bd4 g6 26. Bxc5 Nxc5 27. h3 Kg7 28. Rc1 Ne6 29. Rd1 Rd8 30. Nd4 Rc8 31. Kf1 1/2-1/2

[Event "BEL-ch"]
[Site "Bruges"]
[Date "2020.08.21"]
[Round "7"]
[White "Maerevoet, Sim"]
[Black "Godart, Francois"]
[Result "1-0"]
[WhiteElo "2383"]
[BlackElo "2439"]
[PlyCount "81"]
[EventDate "2020.08.15"]
[EventType "tourn"]
[EventRounds "9"]
[EventCountry "BEL"]
[EventCategory "6"]
[SourceTitle "CBM 197 Extra"]
[Source "ChessBase"]
[SourceDate "2020.09.30"]
[SourceVersion "1"]
[SourceVersionDate "2020.09.30"]
[SourceQuality "1"]

1. d4 d5 2. c4 e6 3. Nc3 c6 4. Nf3 dxc4 5. a4 Bb4 6. e3 b5 7. Bd2 a5 8. axb5 Bxc3 9. Bxc3 cxb5 10. b3 Bb7 11. bxc4 b4 12. Bb2 Nf6 13. Bd3 0-0 14. 0-0 Nbd7 15. Nd2 h6 16. Bc2 Qc7 17. f3 Rfc8 18. Rf2 e5 19. Rc1 exd4 20. exd4 Qd6 21. Bb3 Qa6 22. Ra1 Re8 23. Qc2 Re7 24. Qf5 Nf8 25. h4 Bc8 26. Qc2 Bd7 27. Ba4 Bxa4 28. Qxa4 Ne6 29. Re2 Qa7 30. Ne4 Nxe4 31. Rxe4 f5 32. Ree1 Nxd4 33. Kf1 Ne6 34. Qc6 Rae8 35. Qd5 a4 36. Be5 Rd7 37. Bd6 Rxd6 38. Qxd6 Qf7 39. Rxa4 Qf6 40. Ra6 Kf7 41. Ra7+ 1-0

[Event "Europe Echecs online op April"]
[Site "Europe Echecs INT"]
[Date "2020.04.11"]
[Round "1"]
[White "Godart, Francois"]
[Black "Aumeregie, Vincent"]
[Result "1-0"]
[WhiteElo "2446"]
[BlackElo "1591"]
[PlyCount "125"]
[EventDate "2020.04.11"]
[EventType "swiss (blitz)"]
[EventRounds "11"]
[EventCountry "FRA"]
[SourceTitle "EXT 2021"]
[Source "ChessBase"]
[SourceDate "2020.10.23"]
[SourceVersion "1"]
[SourceVersionDate "2020.10.23"]
[SourceQuality "1"]

1. d4 Nf6 2. c4 c5 3. d5 b5 4. cxb5 a6 5. bxa6 Bxa6 6. Nc3 g6 7. e4 Bxf1 8. Kxf1 d6 9. Nf3 Bg7 10. g3 0-0 11. Kg2 Nbd7 12. a4 Qa5 13. Bd2 Qb4 14. Qc2 Rfb8 15. Rhb1 Qb3 16. Qc1 Qc4 17. b3 Qd3 18. Ne1 Qa6 19. Qc2 Ne8 20. Bg5 Kf8 21. Qd2 Rb4 22. Nc2 Rb7 23. Bh6 Rab8 24. Ra3 Ne5 25. h4 Qd3 26. Qxd3 Nxd3 27. Bxg7+ Kxg7 28. Ne3 Nc7 29. Nc4 Nb4 30. f4 f5 31. e5 dxe5 32. d6 exd6 33. Nxd6 Rb6 34. fxe5 Ne6 35. a5 Ra6 36. Ncb5 Nc6 37. Re1 Rxa5 38. Rxa5 Nxa5 39. Ra1 Nc6 40. Ra6 Nxe5 41. Ra7+ Kg8 42. Re7 Nf7 43. Rxe6 Nxd6 44. Nxd6 Rxb3 45. Re8+ Kg7 46. Re7+ Kg8 47. Rc7 Rb2+ 48. Kh3 Rc2 49. Ne8 Kf8 50. Nf6 c4 51. Nxh7+ Ke8 52. Rc6 Rc3 53. Kg2 Kf7 54. Ng5+ Kg7 55. Nf3 Rc2+ 56. Kh3 Rc3 57. Ne5 f4 58. Rxg6+ Kh7 59. Kg2 Re3 60. Re6 Rxg3+ 61. Kf2 c3 62. Nf3 Rg7 63. Rc6 1-0